Barriers to Christian belief. (Record no. 8660)

000 -LEADER
fixed length control field 00563nam a2200181 a 4500
001 - CONTROL NUMBER
control field :::00006436$&:&@@
003 - CONTROL NUMBER IDENTIFIER
control field OkBaRHE
005 - DATE AND TIME OF LATEST TRANSACTION
control field 20000607103331.0
008 - FIXED-LENGTH DATA ELEMENTS--GENERAL INFORMATION
fixed length control field s1962 j 000 0 eng u
040 ## - CATALOGING SOURCE
Transcribing agency
100 1# - MAIN ENTRY--PERSONAL NAME
Personal name Griffith, Leonard (Arthur Leonard), 1920-
245 10 - TITLE STATEMENT
Title Barriers to Christian belief.
260 ## - PUBLICATION, DISTRIBUTION, ETC. (IMPRINT)
Place of publication, distribution, etc New York, NY., :
Name of publisher, distributor, etc Harper & Row
Date of publication, distribution, etc 1962
300 ## - PHYSICAL DESCRIPTION
Extent 191 p. ;
Dimensions 22 cm.
650 ## - SUBJECT ADDED ENTRY--TOPICAL TERM
Topical term or geographic name as entry element Apologetics
General subdivision 20th Century
942 ## - ADDED ENTRY ELEMENTS (KOHA)
Source of classification or shelving scheme
Koha item type Books
Copies
Current Location Not for loan Total Checkouts Permanent Location Copy number Damaged status Source of classification or shelving scheme Barcode Lost status Date last seen Date checked out Date acquired Koha item type Withdrawn status Shelving location Full call number Price effective from
RHEMA Bible Training College 1RHEMA Bible Training College1  6436 2014-01-312013-09-202010-04-14Books General StacksBT 1102 .G752010-04-14